Consumer Behavior Builds Marketing Stratergy./How Apple Inc, Uses Consumer Marketing Behavior to Win. Two Perspectives. Theory and Consumers Perception. (Record no. 8574)
[ view plain ]
| 000 -LEADER | |
|---|---|
| fixed length control field | 01591cam a22001934a 4500 |
| 005 - ΗΜΕΡΟΜΗΝΙΑ ΚΑΙ ΩΡΑ ΤΕΛΕΥΤΑΙΑΣ ΕΝΗΜΕΡΩΣΗΣ | |
| Πεδίο ελέγχου | 20250605164340.0 |
| 008 - FIXED-LENGTH DATA ELEMENTS--GENERAL INFORMATION | |
| Πεδίο ελέγχου σταθερού μήκους | 250528s ||||||||||||||||||||||||d |
| 035 ## - SYSTEM CONTROL NUMBER | |
| System control number | 23573 |
| 040 ## - ΠΗΓΗ ΚΑΤΑΛΟΓΟΓΡΑΦΗΣΗΣ | |
| Φορέας πρωτότυπης καταλογογράφησης | MC Athens Campus Library |
| Γλώσσα καταλογογράφησης | Ελληνικά, Μοντέρνα (1453-) |
| Modifying agency | MC Athens Campus Library |
| Κανόνες περιγραφικής καταλογογράφησης | AACR2 |
| 245 1# - ΤΙΤΛΟΣ ΚΑΙ ΔΗΛΩΣΗ ΥΠΕΥΘΥΝΟΤΗΤΑΣ | |
| Τίτλος | Consumer Behavior Builds Marketing Stratergy./How Apple Inc, Uses Consumer Marketing Behavior to Win. Two Perspectives. Theory and Consumers Perception. |
| 260 ## - PUBLICATION, DISTRIBUTION, ETC. | |
| Date of publication, distribution, etc. | 2017 |
| 300 ## - PHYSICAL DESCRIPTION | |
| Extent | 111 |
| 520 ## - SUMMARY, ETC. | |
| Summary, etc. | Introduction, Consumer Behavior, the Importance of Consumer Behavior in Marketing, the Definition of Consumer Behavior, Key Features of Consumer Behavior, the Model of the Wheel of Consumer, Affect and Apple Inc, Cognition, the Major Functions of Cognition, Apple Inc and Consumer Behavior, Consumers Environment, Consumers Behavior and Consumer Perception, thw Consumer Decision-Making Process, the Importance of Electronic Word of Mouth (e-WOM), Golden Circle Theory, the Mobile Advertising Channel: Complementary, Comparative Advertising, the Case of Apple Inc, Comoany's International Environment, External Environment Analysis, Marketing Mix of Apple Inc, Marketing and Advertisements, Research Design and Methodology, Purpose of the Research, Research Approach and Reserach Philosophy, Primary Data Survey, Procedure, Limitations, Data Analysis and Results, Economic Recession, Popularity of Apple as a Trustworthy Company, Conclusion and Recommendation, Think Different Logo, Appendix. |
| 700 1# - ΠΡΟΣΘΕΤΗ ΑΝΑΓΡΑΦΗ--ΦΥΣΙΚΟ ΠΡΟΣΩΠΟ | |
| Personal name | Vamvouri Aikaterini |
| 9 (RLIN) | 9159 |
| 700 1# - ΠΡΟΣΘΕΤΗ ΑΝΑΓΡΑΦΗ--ΦΥΣΙΚΟ ΠΡΟΣΩΠΟ | |
| Personal name | Δρ. Κιτωνάκης Νίκος |
| 9 (RLIN) | 9160 |
| 942 ## - ADDED ENTRY ELEMENTS (KOHA) | |
| Koha item type | Διπλωματική εργασία |
| Τύπος τεκμηρίου | Βιβλιοθήκη | Τρέχουσα τοποθεσία | Barcode | Ημερομηνία απόκτησης | Ταξιθετικό σύμβολο | Αριθμός αντιτύπου | Κατάσταση απόσυρσης | Κατάσταση χαμένου | Κατάσταση κατεστραμμένου | Μη δανεισμός | Σύνολο δανεισμών | Ημερομηνία τελευταίας εμφάνισης | Η τιμή ισχύει από |
|---|---|---|---|---|---|---|---|---|---|---|---|---|---|
| Διπλωματική εργασία | MC Athens Campus Library | MC Athens Campus Library | 9780000085733 | 05/06/2025 | BUS 2017 (8) | 1 | 05/06/2025 | 05/06/2025 |